00690cam a2200205 a 450000100100000000500170001000800410002702000150006804000300008308200200011310000290013324500620016226000280022430000200025249000270027258600960029965000240039565000360041983000290045500001006320200929161826.0930601s1990 sp 000 p spa d a8475222625 aDO-SdBNPcNSbSUdTxUdDLC a861.64bG166ó1 aGallego, Vicente,d1963-14aLos ojos del extraño :b(1986-1990) /cVicente Gallego. aMadrid :bVisor,c1990. a98 p. ;c20 cm.1 aVisor de poesíav262 a"Premio Internacional de Poesía Fundación Loewe a la Joven Creación (III edición)." 4aPoesía española 4aLiteratura españolaySIGLO XX 0aVisor de poesía ;v262